Word Answers that Begin with a Soft G - Statistics

General Stats
  • This quiz has been taken 247 times
    169 since last reset
  • The average score is 19 of 27
Answer Stats
Hint Word % Correct
Type of liquor flavored with juniper berries gin
99%
The tallest land animal alive today giraffe
99%
Precious stone that has been cut and polished gem
93%
Male or female gender
90%
A pathogen, such as a bacterium or virus germ
90%
In taxonomy, it comes between species and family genus
87%
Sport requiring balance, strength, flexibility, and agility gymnastics
87%
Book that includes the story of Adam and Eve Genesis
84%
Speech that is, or appears to be, nonsense gibberish
83%
Asian country or U.S. state Georgia
80%
Type of rodent that is a popular pet gerbil
80%
Inflammation of the gums gingivitis
79%
European country Germany
78%
Period of development while carrying an embryo or fetus gestation
78%
The study of family trees genealogy
77%
Word meaning category of literature, music, or other art genre
70%
Not having a brand name; characteristic of a whole class generic
68%
British territory at the southern tip of the Iberian Peninsula Gibraltar
60%
Political manipulation of electoral district boundaries gerrymander
54%
The central idea; the essence gist
51%
Exonym for the Romani (Roma) people Gypsy
51%
Plant root long used as a medicine in East Asia ginseng
50%
Soft mineral (CaSO4·2H2O) used for chalk and drywall gypsum
48%
Colorless, tasteless protein prepared from collagen gelatin
42%
Measures or maintains orientation and angular velocity gyroscope
35%
Relevant; related to the topic being discussed or considered germane
30%
A spiral or vortex gyre
8%
No matching quizzes found
Score Distribution
Percent of People with Each Score
Percentile by Number Answered
Your Score History
You have not taken this quiz since the last reset